Estudio de cargas eléctricas y levantamiento de planos del Departamento de Metrología física del LACOMET
Guardat en:
| Autor principal: | |
|---|---|
| Altres autors: | |
| Format: | Llibre |
| Idioma: | Spanish |
| Publicat: |
[San José, Costa Rica]
2012
|
| Matèries: | |
| Etiquetes: |
Afegir etiqueta
Sense etiquetes, Sigues el primer a etiquetar aquest registre!
|
MARC
| LEADER | 00000nam a22000007a 4500 | ||
|---|---|---|---|
| 003 | 010701 | ||
| 005 | 20230905103643.0 | ||
| 008 | 151105b2012 cr ||||| |||| 00| ||spa d | ||
| 040 | |c cru CEDI | ||
| 090 | |a TFG 6528 | ||
| 100 | |9 1371 |a Arias Espinoza, José Gabriel, 1987- | ||
| 245 | |a Estudio de cargas eléctricas y levantamiento de planos del Departamento de Metrología física del LACOMET | ||
| 260 | |a [San José, Costa Rica] |c 2012 | ||
| 300 | |a 145 hojas : ilustraciones a color | ||
| 500 | |a Proyecto de graduación (bachillerato en ingeniería eléctrica)--Universidad de Costa Rica. Facultad de Ingeniería. Escuela de Ingeniería Eléctrica | ||
| 501 | |a Profesor Guía de IE-0502 Proyecto Eléctrico: Dr. Jorge Blanco Roldán | ||
| 650 | |x INSTALACIONES ELECTRICAS - EQUIPO ELECTRICO |x DISTRIBUCION DE ENERGIA ELECTRICA |x DISPOSITIVOS DE DISTRIBUCION |x EDIFICIOS |9 2116 | ||
| 700 | |9 736 |a Blanco Roldán, Jorge, 1950- |d Director de Proyecto Eléctrico | ||
| 942 | |c CEDI | ||
| 999 | |c 14422 |d 14422 | ||
